000 00629nam a2200241Ia 4500
005 20260430150144.0
008 008 250103s9999 xx 000 0 eng d
037 _aTheses
040 _aCRL
040 _beng
040 _ceng
041 _2eng
041 _aeng
084 _qCRL
100 _aToppo Anita Juliet Au.; Arora Pankaj Gu.
_91236620
245 0 _aPeople's struggle for education: A case study of Chattisgarh
260 _c2022
300 _a279p.
650 _aEducation
700 _aUniversity of Delhi. Faculty of Education. Department of Education
942 _cTH
999 _c1849087
_d1849087